02861nam a2200325 i 4500001001500000007000300015008004100018020001800059040000800077041000900085100004300094245018300137250002000320260003800340300005100378500007900429505007900508520075400587520070401341650004602045650005502091650004802146650006102194700005602255700004102311700005502352942000802407952010502415999001502520Rebiun35928386ta240508s2023 sp a bi 001 0 spa d a9788411571456 ctbs aspa  aDorado, María Doloreseauthor92616310aTalentosb: clases de español profesional A1-B1c: María Dolores Dorado Debeza, Calíope Dafne Márquez Sánchez, Esther Ramos Gómez, Francisco Javier Uclés Sánchez. aHybrid edition. aBarcelona : bDifusión, c2024. a191 pages : billustrations (color) ; c30 cm. aDigital resources: Videos, Audio, Glossaries, Transcripts, and Answer Keys aDigital resources: Videos, Audio, Glossaries, Transcripts, and Answer Keys aTalentos es un curso dirigido a jóvenes y adultos que actualmente están trabajando o van a trabajar en un entorno donde necesitan el español y que realizan sus estudios en universidades, escuelas de negocios, centros de formación profesional u otro tipo de institución. Diseñado para complementar cualquier manual de ELE, este curso te ofrece: • seis unidades de actividades para la clase y sus correspondientes unidades del cuaderno de ejercicios; • un anexo cultural; • tres modelos de exámenes DELE (A1, A2 y B1); • Mp3 descargable gratuito: difusion.com/audio-talentos. El libro Talentos es una Edición híbrida que contiene un código de acceso de 12 meses al entorno digital de este curso en Campus Difusión. aTalentos is a course designed for young adults and adults who are currently working or preparing to work in an environment where Spanish is needed, and who are studying at universities, business schools, vocational training centers, or other institutions. Designed to complement any Spanish as a Foreign Language (ELE) textbook, this course offers you: • Six classroom activity units and their corresponding workbook units • A cultural appendix • Three DELE exam models (A1, A2, and B1) • Free downloadable Mp3s: difusion.com/audio-talentos The Talentos book is a hybrid edition that includes a 12-month access code to the digital learning environment of this course on Campus Difusión. 0aSpanish languagexBusiness Spanish926156 0aSpanish languagevComposition and exercises926157 0aSpanish languagexStudy and teaching926155 0aSpanish language xTextbooks for foreign speakers912081 aMárquez Sánchez, Calíope Dafneeauthor926164 aRamos Gómez, Esthereauthor926165 aUclés Sánchez, Francisco Javiereauthor926166 2lcc 00102lcc4070aTBSbTBSd2025-10-14l0oP-SP LEARN DORpB07689r2025-10-14t1w2025-10-14ySPANISH c5047d5047